|
|
|
|
| LEADER |
00000naa2a2200000 4500 |
| 001 |
108524 |
| 005 |
20231220124519.0 |
| 035 |
|
|
|a (RuTPU)RU\TPU\book\117156
|
| 090 |
|
|
|a 108524
|
| 100 |
|
|
|a 20070122d2006 k y0rusy50 ca
|
| 101 |
0 |
|
|a rus
|
| 102 |
|
|
|a RU
|
| 200 |
1 |
|
|a Компьютерное моделирование технологических погрешностей микромеханического гироскопа
|f О. М. Панькина, Т. Г. Нестеренко
|
| 320 |
|
|
|a Библиогр.: 1 назв.
|
| 463 |
|
0 |
|0 (RuTPU)RU\TPU\book\108762
|t Молодежь и современные информационные технологии
|o сборник трудов IV Всероссийской научно-практической конференции студентов, аспирантов и молодых ученых, г. Томск, 28 февраля - 2 марта 2006 г.
|f Томский политехнический университет; Молодежь и современные информационные технологии
|v С. 129-131
|d 2006
|p 418 с.
|
| 610 |
1 |
|
|a гироскопы
|
| 610 |
1 |
|
|a микромеханические гироскопы
|
| 610 |
1 |
|
|a компьютерное моделирование
|
| 610 |
1 |
|
|a погрешности
|
| 610 |
1 |
|
|a датчики
|
| 610 |
1 |
|
|a инерциальная информация
|
| 610 |
1 |
|
|a труды учёных ТПУ
|
| 700 |
|
1 |
|a Панькина
|b О. М.
|
| 701 |
|
1 |
|a Нестеренко
|b Т. Г.
|c специалист в области машиностроения
|c доцент Томского политехнического университета, кандидат технических наук
|f 1946-
|g Тамара Георгиевна
|3 (RuTPU)RU\TPU\pers\26585
|9 12268
|
| 801 |
|
1 |
|a RU
|b 63413507
|c 20070122
|g PSBO
|
| 801 |
|
2 |
|a RU
|b 63413507
|c 20160623
|g RCR
|
| 942 |
|
|
|c BK
|